[Event "World Youth U-16 Olympiad 2018"]
[Site "Konya"]
[Date "2018.11.26"]
[Round "3"]
[White "Quiroga Jaquez, Angel Ivan"]
[Black "Marn, Jan"]
[Result "1/2-1/2"]
[WhiteElo "2014"]
[BlackElo "2125"]
[Annotator "NA"]
[PlyCount "62"]
[EventDate "2018.11.25"]
[EventType "team-tourn"]
[EventCountry "TUR"]
[SourceTitle "playchess.com"]
[Source "ChessBase"]
[SourceQuality "1"]
[WhiteTeam "Mexico"]
[BlackTeam "Slovenia"]
[WhiteTeamCountry "MEX"]
[BlackTeamCountry "SLO"]

1. d4 d5 2. c4 e6 3. Nc3 c6 4. Nf3 Nf6 5. cxd5 exd5 6. Bg5 Be7 7. Qc2 O-O 8. e3 Nbd7 9. Bd3 Re8 10. O-O h6 11. Bf4 Nh5 12. Nxd5 Nxf4 13. Nxf4 Bd6 14. Ne2 Nf6 15. h3 Qe7 16. Nc3 Nd5 17. Nxd5 cxd5 18. Bf5 Be6 19. Bxe6 fxe6 20. e4 Rf8 21. e5 Bc7 22. Qd2 Rf5 23. Ne1 Raf8 24. Nd3 Bb6 25. Qe3 Qh4 26. f4 g5 27. g3 Qxh3 28. Rf2 Qh5 29. Kg2 Qg6 30. Raf1 Bd8 31. Qe2 Be7 1/2-1/2

[Event "World Youth U-16 Olympiad 2018"]
[Site "Konya"]
[Date "2018.11.26"]
[Round "3"]
[White "Gokcek, Kursat Bugra"]
[Black "Boyer, Mahel"]
[Result "0-1"]
[WhiteElo "2010"]
[BlackElo "2235"]
[Annotator "NA"]
[PlyCount "48"]
[EventDate "2018.11.25"]
[EventType "team-tourn"]
[EventCountry "TUR"]
[SourceTitle "playchess.com"]
[Source "ChessBase"]
[SourceQuality "1"]
[WhiteTeam "Turkey"]
[BlackTeam "France"]
[WhiteTeamCountry "TUR"]
[BlackTeamCountry "FRA"]

1. d4 Nf6 2. Bf4 d5 3. e3 c5 4. c3 Nc6 5. Nd2 Bf5 6. Qb3 Qc8 7. c4 dxc4 8. Bxc4 e6 9. Ngf3 cxd4 10. Nxd4 Nxd4 11. exd4 a6 12. a4 Be7 13. O-O O-O 14. Rac1 Qd7 15. Nf3 Be4 16. Ne5 Qxd4 17. Rfd1 Qa7 18. Bxe6 fxe6 19. Qxe6+ Kh8 20. Rc7 Ng8 21. Bg3 Bf6 22. Rdd7 Bg6 23. Nxg6+ hxg6 24. Bd6 Rae8 0-1

[Event "World Youth U-16 Olympiad 2018"]
[Site "Konya"]
[Date "2018.11.26"]
[Round "3"]
[White "Brahami, Lamine"]
[Black "Skalsky, Alexandr"]
[Result "1/2-1/2"]
[WhiteElo "1996"]
[BlackElo "2202"]
[Annotator "NA"]
[PlyCount "139"]
[EventDate "2018.11.25"]
[EventType "team-tourn"]
[EventCountry "TUR"]
[SourceTitle "playchess.com"]
[Source "ChessBase"]
[SourceQuality "1"]
[WhiteTeam "Algeria"]
[BlackTeam "Czech Republic"]
[WhiteTeamCountry "ALG"]
[BlackTeamCountry "CZE"]

1. d4 g6 2. e4 Bg7 3. c4 c5 4. Nf3 cxd4 5. Nxd4 Nc6 6. Be3 Nf6 7. Nc3 O-O 8. Be2 d6 9. O-O Bd7 10. Kh1 Nxd4 11. Bxd4 Bc6 12. f3 a5 13. Qd2 Nd7 14. Bxg7 Kxg7 15. Nd1 a4 16. Ne3 Nc5 17. Rad1 Qa5 18. Qc1 Rad8 19. Rfe1 f6 20. Rd2 h5 21. Nd5 e6 22. Nc3 Qc7 23. Red1 e5 24. Nb5 Bxb5 25. cxb5 Rd7 26. Bc4 Rc8 27. Bd5 Rcd8 28. Qc4 Re7 29. Qb4 Qb6 30. a3 Rc7 31. Ba2 Rcd7 32. Qc4 Kh6 33. h4 Re7 34. Qb4 Rc7 35. Kh2 Kg7 36. b3 axb3 37. Bxb3 Re7 38. a4 Ne6 39. Rxd6 Rxd6 40. Rxd6 Qc5 41. Qxc5 Nxc5 42. Bd1 Kf7 43. Kg3 Rc7 44. Kf2 Ke7 45. Rd5 b6 46. Ke3 Ra7 47. Rd2 Ne6 48. g4 Rc7 49. Rc2 Rd7 50. Be2 Nd4 51. Rc4 Kd6 52. Bd1 Rh7 53. gxh5 Rxh5 54. Rc8 Rxh4 55. Rf8 f5 56. Rf6+ Kc5 57. Rxg6 f4+ 58. Kd3 Rh1 59. Kd2 Rh2+ 60. Kd3 Rh1 61. Kd2 Rh2+ 62. Kd3 Rf2 63. Kc3 Rf1 64. Kd2 Rf2+ 65. Kc3 Rf1 66. Kd2 Rf2+ 67. Kc3 Ra2 68. Rg5 Kd6 69. Rg6+ Kc5 70. Rg5 1/2-1/2

[Event "World Youth U-16 Olympiad 2018"]
[Site "Konya"]
[Date "2018.11.26"]
[Round "3"]
[White "Modi, Yashil"]
[Black "Li, Henry"]
[Result "1/2-1/2"]
[WhiteElo "1955"]
[BlackElo "2219"]
[Annotator "ChessBase"]
[PlyCount "136"]
[EventDate "2018.11.25"]
[EventType "team-tourn"]
[EventCountry "TUR"]
[SourceTitle "playchess.com"]
[Source "ChessBase"]
[SourceQuality "1"]
[WhiteTeam "South Africa"]
[BlackTeam "Ireland"]
[WhiteTeamCountry "RSA"]
[BlackTeamCountry "IRL"]

1. d4 Nf6 2. Nf3 g6 3. g3 Bg7 4. Bg2 O-O 5. O-O d6 6. c4 Nc6 7. Nc3 e5 8. d5 Nb8 9. e4 a5 10. Be3 Na6 11. h3 Nd7 12. a3 f5 13. exf5 gxf5 14. Ng5 Nf6 15. Qb3 Qe7 16. c5 Ne8 17. cxd6 Nxd6 18. Rfe1 e4 19. f3 Be5 20. f4 Bf6 21. Ne6 Bxe6 22. dxe6 c6 23. g4 Bxc3 24. bxc3 a4 25. Qa2 Nc7 26. Bc5 Rad8 27. Red1 Nd5 28. Rxd5 cxd5 29. Qxd5 b6 30. Bb4 fxg4 31. hxg4 Rxf4 32. Rd1 e3 33. Bf3 Rxf3 34. Qxf3 Qxe6 35. Qd5 Qxd5 36. Rxd5 Nf7 37. Rxd8+ Nxd8 38. Kg2 Kf7 39. Kf3 Ke6 40. Kxe3 Ke5 41. Bf8 Kd5 42. Kd3 b5 43. Bg7 Ne6 44. Bd4 Nf4+ 45. Ke3 Ne6 46. Kd3 h5 47. gxh5 Nf4+ 48. Ke3 Nxh5 49. Kd3 Ng3 50. Bf6 Nf5 51. Bd8 Nd6 52. Be7 Nc4 53. Bb4 Ne5+ 54. Kc2 Kc4 55. Bd6 Nd3 56. Bb4 Nf4 57. Bd6 Nd5 58. Bb4 Nf6 59. Be7 Ne4 60. Bb4 Nf2 61. Be7 Kd5 62. Bb4 Ke4 63. Kd2 Nd3 64. Be7 Nb2 65. Bb4 Nc4+ 66. Ke2 Ne3 67. Bf8 Nc2 68. Bb4 Ke5 1/2-1/2

[Event "World Youth U-16 Olympiad 2018"]
[Site "Konya"]
[Date "2018.11.26"]
[Round "3"]
[White "Duran, Esma Doga"]
[Black "Liu, Zhanhe"]
[Result "1/2-1/2"]
[WhiteElo "1908"]
[BlackElo "2052"]
[Annotator "NA"]
[PlyCount "84"]
[EventDate "2018.11.25"]
[EventType "team-tourn"]
[EventCountry "TUR"]
[SourceTitle "playchess.com"]
[Source "ChessBase"]
[SourceQuality "1"]
[WhiteTeam "Turkey"]
[BlackTeam "Canada"]
[WhiteTeamCountry "TUR"]
[BlackTeamCountry "CAN"]

1. Nf3 c5 2. g3 g6 3. Bg2 Bg7 4. O-O Nc6 5. c4 e5 6. Nc3 Nge7 7. d3 O-O 8. b3 d6 9. Bb2 h6 10. e3 Be6 11. Nd2 d5 12. e4 dxe4 13. dxe4 Nd4 14. Nd5 Nec6 15. Nf3 Bg4 16. Qd3 a5 17. Nxd4 exd4 18. f4 Be6 19. Ba3 Nb4 20. Bxb4 axb4 21. f5 Bxd5 22. exd5 Qg5 23. Be4 gxf5 24. Rxf5 Qe3+ 25. Kf1 b6 26. Rf2 Qxd3+ 27. Bxd3 Rfe8 28. Re1 Re3 29. Rxe3 dxe3 30. Re2 Bd4 31. Kg2 Kg7 32. Kf3 Kf6 33. Kf4 Re8 34. h3 Be5+ 35. Kxe3 Bxg3+ 36. Kf3 Rxe2 37. Bxe2 Bd6 38. Ke4 Kg5 39. Bg4 h5 40. Bc8 f6 41. Bf5 Be5 42. Be6 h4 1/2-1/2

[Event "World Youth U-16 Olympiad 2018"]
[Site "Konya"]
[Date "2018.11.26"]
[Round "3"]
[White "Anacoglu, Cisel"]
[Black "Botez, Andrea"]
[Result "1-0"]
[WhiteElo "1866"]
[BlackElo "1647"]
[Annotator "NA"]
[PlyCount "89"]
[EventDate "2018.11.25"]
[EventType "team-tourn"]
[EventCountry "TUR"]
[SourceTitle "playchess.com"]
[Source "ChessBase"]
[SourceQuality "1"]
[WhiteTeam "Turkey"]
[BlackTeam "Canada"]
[WhiteTeamCountry "TUR"]
[BlackTeamCountry "CAN"]

1. e4 c5 2. Nf3 e6 3. d4 cxd4 4. Nxd4 Nf6 5. Nc3 Nc6 6. Nxc6 dxc6 7. Qxd8+ Kxd8 8. e5 Nd5 9. Ne4 h6 10. Bd2 Kc7 11. O-O-O Bd7 12. c4 Nb6 13. Ba5 c5 14. b4 cxb4 15. c5 Kc6 16. cxb6 axb6 17. Bxb6 Rxa2 18. Bc4 b3 19. Kb1 Ra4 20. Rxd7 Kxb6 21. Nd6 Bxd6 22. Rxd6+ Ka7 23. Bxb3 Re4 24. Rd7 Rf8 25. Rc1 Rxe5 26. Rcc7 Rb5 27. Kb2 g5 28. Rxf7 Rd8 29. Rfd7 Rf8 30. f3 Rf4 31. Kc3 e5 32. Rd5 Rfb4 33. Rxb5 Rxb5 34. Kc4 Ra5 35. Rc5 Ra1 36. Rxe5 Rg1 37. Re2 Rc1+ 38. Kb4 Rg1 39. Bd5 Rb1+ 40. Kc4 Rc1+ 41. Kd4 Rd1+ 42. Ke5 Ra1 43. Ra2+ Rxa2 44. Bxa2 b5 45. Kf5 1-0

[Event "World Youth U-16 Olympiad 2018"]
[Site "Konya"]
[Date "2018.11.26"]
[Round "3"]
[White "Pheephacharakan, Pinatpong"]
[Black "Iskakbaev, Ibraim"]
[Result "1/2-1/2"]
[WhiteElo "1860"]
[BlackElo "1522"]
[Annotator "NA"]
[PlyCount "92"]
[EventDate "2018.11.25"]
[EventType "team-tourn"]
[EventCountry "TUR"]
[SourceTitle "playchess.com"]
[Source "ChessBase"]
[SourceQuality "1"]
[WhiteTeam "Thailand"]
[BlackTeam "Kazakhstan"]
[WhiteTeamCountry "THA"]
[BlackTeamCountry "KAZ"]

1. c4 e6 2. g3 d5 3. Bg2 Nf6 4. Nf3 dxc4 5. Na3 Bxa3 6. bxa3 c6 7. a4 a6 8. Ba3 b5 9. Ne5 Bb7 10. O-O Nd5 11. e4 Ne7 12. Rb1 Qc7 13. Qh5 O-O 14. Bh3 c5 15. Nxf7 Rxf7 16. Bxe6 Ng6 17. Qf5 Nf8 18. Bxf7+ Qxf7 19. Qxf7+ Kxf7 20. Bxc5 Bxe4 21. Rbe1 Ne6 22. Rxe4 Nxc5 23. Rf4+ Kg8 24. Re1 Nc6 25. axb5 axb5 26. Rf5 Nd3 27. Re4 Nce5 28. Rfxe5 Nxe5 29. Rxe5 Rxa2 30. Rxb5 Rxd2 31. Rc5 Rc2 32. Rc7 h6 33. Kg2 Kh7 34. Rc6 Kg8 35. Rc7 Kh7 36. Rc6 Kg8 37. Rc7 Kh7 38. g4 Kg6 39. Rc6+ Kf7 40. h4 c3 41. Kf3 Rc1 42. Ke2 Rc2+ 43. Ke3 Rc1 44. f3 c2 45. Kd2 Rf1 46. Kxc2 Rxf3 1/2-1/2

[Event "World Youth U-16 Olympiad 2018"]
[Site "Konya"]
[Date "2018.11.26"]
[Round "3"]
[White "Heidarsson, Arnar"]
[Black "Faerber, David"]
[Result "0-1"]
[WhiteElo "1850"]
[BlackElo "2291"]
[Annotator "NA"]
[PlyCount "112"]
[EventDate "2018.11.25"]
[EventType "team-tourn"]
[EventCountry "TUR"]
[SourceTitle "playchess.com"]
[Source "ChessBase"]
[SourceQuality "1"]
[WhiteTeam "Iceland"]
[BlackTeam "Germany"]
[WhiteTeamCountry "ISL"]
[BlackTeamCountry "GER"]

1. d4 Nf6 2. Bf4 d5 3. e3 c5 4. c3 Nc6 5. Bd3 Qb6 6. Qc1 Bg4 7. Nd2 e6 8. Ngf3 Be7 9. O-O O-O 10. Ne5 Bh5 11. Ndf3 Rac8 12. Qb1 Qd8 13. h3 a6 14. Nxc6 Rxc6 15. Ne5 Rc8 16. Rc1 Bg6 17. a4 Be4 18. f3 Bxd3 19. Nxd3 b6 20. b4 c4 21. Nf2 Nh5 22. Bh2 f5 23. Rf1 Bh4 24. Qc2 Qg5 25. Qd2 Rce8 26. Bc7 Ng3 27. Rfd1 b5 28. axb5 axb5 29. Ra5 Ra8 30. Rda1 Rxa5 31. Rxa5 Qe7 32. Be5 Nh5 33. Rxb5 Ra8 34. Qb2 Qd7 35. Rb8+ Rxb8 36. Bxb8 Qa4 37. Be5 Qb3 38. Qd2 Ng3 39. Bxg3 Bxg3 40. Nd1 Qb1 41. Kf1 Kf7 42. Ke2 Ke8 43. Kf1 h5 44. Ke2 Kd7 45. Kf1 g5 46. Ke2 Kd6 47. b5 Kc7 48. b6+ Kb7 49. Kf1 h4 50. Ke2 f4 51. exf4 Bxf4 52. Ne3 Qg1 53. Qa2 Qxe3+ 54. Kf1 Qd3+ 55. Kg1 Qd1+ 56. Kf2 Bg3+ 0-1

[Event "World Youth U-16 Olympiad 2018"]
[Site "Konya"]
[Date "2018.11.26"]
[Round "3"]
[White "Cui, Cynthia"]
[Black "Sade, Defne"]
[Result "1/2-1/2"]
[WhiteElo "1848"]
[BlackElo "1888"]
[Annotator "NA"]
[PlyCount "55"]
[EventDate "2018.11.25"]
[EventType "team-tourn"]
[EventCountry "TUR"]
[SourceTitle "playchess.com"]
[Source "ChessBase"]
[SourceQuality "1"]
[WhiteTeam "Canada"]
[BlackTeam "Turkey"]
[WhiteTeamCountry "CAN"]
[BlackTeamCountry "TUR"]

1. c4 e5 2. g3 Nf6 3. Bg2 Nc6 4. Nc3 Be7 5. Nf3 O-O 6. O-O d5 7. cxd5 Nxd5 8. d3 Nb6 9. a3 a5 10. Be3 Be6 11. Nd2 Nd5 12. Nxd5 Bxd5 13. Nf3 a4 14. Rc1 f6 15. Bc5 Kh8 16. Bxe7 Qxe7 17. Qc2 Rfd8 18. Rfe1 Rd7 19. Nd2 Nd4 20. Qc3 Bxg2 21. Kxg2 Ra6 22. Qc5 Qxc5 23. Rxc5 b6 24. Rc4 h6 25. Kf1 c5 26. Rb1 Nb5 27. Ne4 Nd4 28. Nd2 1/2-1/2

[Event "World Youth U-16 Olympiad 2018"]
[Site "Konya"]
[Date "2018.11.26"]
[Round "3"]
[White "Moran, Darragh"]
[Black "Modi, Sonia"]
[Result "1-0"]
[WhiteElo "1800"]
[BlackElo "1588"]
[Annotator "NA"]
[PlyCount "37"]
[EventDate "2018.11.25"]
[EventType "team-tourn"]
[EventCountry "TUR"]
[SourceTitle "playchess.com"]
[Source "ChessBase"]
[SourceQuality "1"]
[WhiteTeam "Ireland"]
[BlackTeam "South Africa"]
[WhiteTeamCountry "IRL"]
[BlackTeamCountry "RSA"]

1. d4 Nf6 2. c4 e6 3. Nf3 Bb4+ 4. Bd2 Bxd2+ 5. Qxd2 b6 6. Nc3 Bb7 7. d5 exd5 8. cxd5 Qe7 9. e3 Na6 10. Bc4 O-O 11. O-O d6 12. Rac1 Nc5 13. Rfd1 Nce4 14. Qc2 Rac8 15. Nd4 c5 16. dxc6 Bxc6 17. Nxc6 Rxc6 18. Nxe4 Rfc8 19. Nxd6 1-0

[Event "World Youth U-16 Olympiad 2018"]
[Site "Konya"]
[Date "2018.11.26"]
[Round "3"]
[White "Zane, Rayane"]
[Black "Sprenar, Petr"]
[Result "0-1"]
[WhiteElo "1793"]
[BlackElo "2268"]
[Annotator "NA"]
[PlyCount "98"]
[EventDate "2018.11.25"]
[EventType "team-tourn"]
[EventCountry "TUR"]
[SourceTitle "playchess.com"]
[Source "ChessBase"]
[SourceQuality "1"]
[WhiteTeam "Algeria"]
[BlackTeam "Czech Republic"]
[WhiteTeamCountry "ALG"]
[BlackTeamCountry "CZE"]

1. e4 e6 2. d4 d5 3. Nd2 a6 4. Ngf3 c5 5. exd5 exd5 6. Be2 Nf6 7. O-O Be7 8. b3 O-O 9. Bb2 Nc6 10. Re1 Re8 11. a3 cxd4 12. Nxd4 Bc5 13. N2f3 Bg4 14. Nxc6 bxc6 15. Bd4 Bd6 16. h3 Bh5 17. Nh2 Bg6 18. Ng4 Ne4 19. b4 Bc7 20. Bd3 Qd6 21. Bxe4 Bxe4 22. f3 Bf5 23. Be5 Bb6+ 24. Kh1 Qg6 25. c3 Bxg4 26. fxg4 Re6 27. Bd4 Bc7 28. Rxe6 fxe6 29. Qe2 e5 30. Bf2 e4 31. Rf1 Qd6 32. g3 a5 33. Qe1 a4 34. Qd1 h6 35. Qe2 Qe5 36. Qe1 Bd6 37. Rg1 Qf6 38. Qe2 Qxc3 39. Qe3 Qxe3 40. Bxe3 Be5 41. Rc1 Rc8 42. Rc5 Kf7 43. Ra5 Ke6 44. Rxa4 d4 45. Bc1 e3 46. Kg2 Rf8 47. Ra6 Rf2+ 48. Kg1 Rc2 49. Bxe3 dxe3 0-1

[Event "World Youth U-16 Olympiad 2018"]
[Site "Konya"]
[Date "2018.11.26"]
[Round "3"]
[White "Orozbaev, Eldiar"]
[Black "Coman, Mihnea-George"]
[Result "1-0"]
[WhiteElo "1785"]
[BlackElo "2042"]
[Annotator "NA RC"]
[PlyCount "195"]
[EventDate "2018.11.25"]
[EventType "team-tourn"]
[EventCountry "TUR"]
[SourceTitle "playchess.com"]
[Source "ChessBase"]
[SourceQuality "1"]
[WhiteTeam "Kyrgyzstan"]
[BlackTeam "Romania"]
[WhiteTeamCountry "KGZ"]
[BlackTeamCountry "ROU"]

1. e4 c5 2. c3 d5 3. exd5 Qxd5 4. Nf3 Nc6 5. d4 Bf5 6. Be2 Nf6 7. O-O e6 8. Be3 Ng4 9. Bf4 Be7 10. c4 Qe4 11. g3 Qc2 12. Qxc2 Bxc2 13. Na3 Bf5 14. d5 Nb4 15. Nb5 O-O 16. d6 Bd8 17. h3 Nf6 18. g4 Bd3 19. Rfe1 Nd7 20. Ne5 Nxe5 21. Bxe5 Be4 22. Nc3 Bc6 23. Rab1 f6 24. Bg3 Nc2 25. Red1 Nd4 26. Kf1 Ba5 27. Nb5 e5 28. Nxd4 exd4 29. a3 f5 30. b4 f4 31. Bh4 Bb6 32. Bd3 a5 33. b5 Bf3 34. Re1 Bd8 35. Be7 Bxe7 36. dxe7 Rfe8 37. Re5 g6 38. Rbe1 b6 39. Be4 Bxe4 40. R1xe4 Ra7 41. Ke2 Kg7 42. g5 Kf7 43. Rxf4+ Kg7 44. Rfe4 Kf7 45. Rf4+ Kg7 46. Rf6 Raxe7 47. Rxe7+ Rxe7+ 48. Kd3 Rb7 49. f4 h6 50. h4 hxg5 51. hxg5 a4 52. Rd6 Re7 53. Rxb6 Re3+ 54. Kd2 Rxa3 55. Rb7+ Kg8 56. Rc7 Ra2+ 57. Kd1 a3 58. Ra7 d3 59. b6 Rb2 60. Rxa3 Rxb6 61. Rxd3 Rb4 62. Rc3 Kf7 63. Ke2 Ke6 64. Re3+ Kd6 65. Kd3 Rb3+ 66. Ke4 Rb4 67. Rc3 Ke6 68. Rc2 Ra4 69. Re2 Kd6 70. Rd2+ Ke6 71. Rc2 Rb4 72. Rc3 Ra4 73. Kf3 Rb4 74. Kg4 Ra4 75. Re3+ Kd6 76. Re4 Ra1 77. Re3 Rg1+ 78. Rg3 Rc1 79. Ra3 Ke6 80. Re3+ Kd6 81. Re4 Rg1+ 82. Kf3 Rc1 83. Re8 Rxc4 84. Rg8 Rc3+ 85. Kg4 c4 86. Rxg6+ Ke7 87. Rg7+ Kf8 88. Rc7 Rc1 89. Kf5 c3 90. Kf6 Ke8 91. f5 c2 92. g6 Ra1 93. Rxc2 Ra6+ 94. Kg5 Kf8 95. Rc8+ Ke7 96. g7 Ra1 97. g8=Q Rg1+ 98. Kf4 1-0

[Event "World Youth U-16 Olympiad 2018"]
[Site "Konya"]
[Date "2018.11.26"]
[Round "3"]
[White "Maycock Bates, David Henry"]
[Black "Kuhar, Larisa"]
[Result "0-1"]
[WhiteElo "1773"]
[BlackElo "1916"]
[Annotator "NA"]
[PlyCount "80"]
[EventDate "2018.11.25"]
[EventType "team-tourn"]
[EventCountry "TUR"]
[SourceTitle "playchess.com"]
[Source "ChessBase"]
[SourceQuality "1"]
[WhiteTeam "Mexico"]
[BlackTeam "Slovenia"]
[WhiteTeamCountry "MEX"]
[BlackTeamCountry "SLO"]

1. e4 c5 2. Nf3 d6 3. d4 cxd4 4. Nxd4 Nf6 5. Nc3 a6 6. Bc4 e6 7. Bb3 b5 8. Bg5 Be7 9. Qf3 Qc7 10. e5 Bb7 11. exd6 Bxd6 12. Qe3 b4 13. Bxf6 gxf6 14. Nd5 Bxd5 15. Bxd5 Ra7 16. Ne2 Bc5 17. Qf3 exd5 18. Qxf6 Rg8 19. O-O-O Qc6 20. Qf5 Rc7 21. Nf4 Be7 22. Rhe1 Qh6 23. Qe5 Rb7 24. Kb1 Qg5 25. Qd6 Kf8 26. Rxe7 Qxe7 27. Qh6+ Rg7 28. Nh5 Qg5 29. Qd6+ Qe7 30. Qh6 f6 31. Nxg7 Qxg7 32. Qh3 Rd7 33. Rd3 Nc6 34. Qe6 Qe7 35. Qg4 Ne5 36. Qh4 Nxd3 37. cxd3 Qe1+ 38. Kc2 Qe2+ 39. Kb3 Qxd3+ 40. Ka4 Qb5+ 0-1

[Event "World Youth U-16 Olympiad 2018"]
[Site "Konya"]
[Date "2018.11.26"]
[Round "3"]
[White "Laohawirapap, Prin"]
[Black "Igisinova, Liya"]
[Result "1/2-1/2"]
[WhiteElo "1750"]
[BlackElo "1482"]
[Annotator "NA"]
[PlyCount "82"]
[EventDate "2018.11.25"]
[EventType "team-tourn"]
[EventCountry "TUR"]
[SourceTitle "playchess.com"]
[Source "ChessBase"]
[SourceQuality "1"]
[WhiteTeam "Thailand"]
[BlackTeam "Kazakhstan"]
[WhiteTeamCountry "THA"]
[BlackTeamCountry "KAZ"]

1. e4 c5 2. c3 d5 3. exd5 Qxd5 4. d4 Nc6 5. Nf3 Bg4 6. Be2 Nf6 7. h3 Bf5 8. O-O cxd4 9. cxd4 e6 10. Nc3 Qd7 11. Be3 Be7 12. a3 O-O 13. Qb3 Rac8 14. Rac1 Rfd8 15. Rfd1 h6 16. Ne5 Qc7 17. Nb5 Qb8 18. Bf4 Nd5 19. Nxc6 Qxf4 20. g3 Qg5 21. h4 Qg6 22. Nxd8 Rxd8 23. Kh2 Nf6 24. Rc7 Re8 25. Rxb7 Ng4+ 26. Bxg4 Qxg4 27. Re1 g5 28. d5 gxh4 29. Nc7 Qh3+ 30. Kg1 Rf8 31. Nxe6 Bd6 32. Qc3 Bxe6 33. dxe6 hxg3 34. fxg3 Bc5+ 35. Qxc5 Qxg3+ 36. Kf1 Qf3+ 37. Qf2 Qxb7 38. e7 Re8 39. Qg3+ Kh7 40. Qd3+ Kg8 41. Qg3+ Kh7 1/2-1/2

[Event "World Youth U-16 Olympiad 2018"]
[Site "Konya"]
[Date "2018.11.26"]
[Round "3"]
[White "Chua, Jia-Tien"]
[Black "Golsta, Ramona"]
[Result "1-0"]
[WhiteElo "1741"]
[BlackElo "1681"]
[Annotator "NA"]
[PlyCount "87"]
[EventDate "2018.11.25"]
[EventType "team-tourn"]
[EventCountry "TUR"]
[SourceTitle "playchess.com"]
[Source "ChessBase"]
[SourceQuality "1"]
[WhiteTeam "Malaysia"]
[BlackTeam "Latvia"]
[WhiteTeamCountry "MAS"]
[BlackTeamCountry "LAT"]

1. e4 c5 2. Nc3 Nc6 3. g3 g6 4. Bg2 Bg7 5. Nge2 d6 6. d3 e6 7. Be3 Nd4 8. Qd2 Ne7 9. O-O O-O 10. Nd1 Rb8 11. Nc1 b5 12. c3 Ndc6 13. Ne2 a5 14. d4 c4 15. f4 d5 16. e5 b4 17. Nf2 Nf5 18. g4 bxc3 19. bxc3 Nfe7 20. Ng3 Bd7 21. Nh3 Rb5 22. Rab1 Qb6 23. Rbc1 Rb8 24. Rc2 a4 25. Qf2 Bf8 26. Kh1 Rb2 27. Bc1 Rxc2 28. Qxc2 Qa5 29. Ng1 Na7 30. h4 Nb5 31. N1e2 Nc6 32. f5 Na3 33. Qd2 Qd8 34. f6 Nb5 35. h5 Ba3 36. hxg6 hxg6 37. Qh6 Qf8 38. Qh4 Bxc1 39. Rxc1 Na3 40. Rg1 Nc2 41. Nf1 Rb1 42. Kh2 Re1 43. Kg3 Qa3 44. Rh1 1-0

[Event "World Youth U-16 Olympiad 2018"]
[Site "Konya"]
[Date "2018.11.26"]
[Round "3"]
[White "Dhevcharran, Kahill"]
[Black "Tempany, Max"]
[Result "1-0"]
[WhiteElo "1561"]
[BlackElo "1508"]
[Annotator "NA"]
[PlyCount "107"]
[EventDate "2018.11.25"]
[EventType "team-tourn"]
[EventCountry "TUR"]
[SourceTitle "playchess.com"]
[Source "ChessBase"]
[SourceQuality "1"]
[WhiteTeam "South Africa"]
[BlackTeam "Ireland"]
[WhiteTeamCountry "RSA"]
[BlackTeamCountry "IRL"]

1. d4 Nf6 2. c4 g6 3. Nc3 d5 4. cxd5 Nxd5 5. Bd2 Nb6 6. Bf4 Bg7 7. e3 O-O 8. Qd2 Nd5 9. Nxd5 Qxd5 10. Bxc7 Nc6 11. Nf3 Be6 12. Be2 Rac8 13. Bg3 Rfd8 14. O-O g5 15. Rfd1 g4 16. Ne1 h5 17. Nd3 Qg5 18. Bf4 Qg6 19. Qe1 Bd5 20. Bg3 Qg5 21. Nc5 b6 22. Bf4 Qg6 23. Bd3 f5 24. Nb3 a5 25. Rac1 a4 26. Nd2 Nb4 27. Bc4 Kh7 28. a3 Nc6 29. Bd3 e5 30. dxe5 Nxe5 31. Bxe5 Bxe5 32. Rxc8 Rxc8 33. e4 Be6 34. exf5 Bxf5 35. Qxe5 Bxd3 36. Re1 Rg8 37. Ne4 Bxe4 38. Rxe4 Rg7 39. g3 b5 40. Rb4 Rd7 41. Qe1 Rb7 42. Qe4 Qxe4 43. Rxe4 Kg6 44. Re5 Rb6 45. Kg2 b4 46. Ra5 bxa3 47. bxa3 Rb2 48. Rxa4 Ra2 49. Ra8 Kf6 50. a4 Rb2 51. a5 Ra2 52. a6 Ke7 53. a7 Kf7 54. Rh8 1-0

[Event "World Youth U-16 Olympiad 2018"]
[Site "Konya"]
[Date "2018.11.26"]
[Round "3"]
[White "Aubakirov, Shyngys"]
[Black "Prasitsoonthorn, Teerachoti"]
[Result "1-0"]
[WhiteElo "1546"]
[BlackElo "1849"]
[Annotator "NA"]
[PlyCount "77"]
[EventDate "2018.11.25"]
[EventType "team-tourn"]
[EventCountry "TUR"]
[SourceTitle "playchess.com"]
[Source "ChessBase"]
[SourceQuality "1"]
[WhiteTeam "Kazakhstan"]
[BlackTeam "Thailand"]
[WhiteTeamCountry "KAZ"]
[BlackTeamCountry "THA"]

1. e4 c5 2. Nc3 Nc6 3. f4 g6 4. Bc4 Bg7 5. Nf3 e6 6. f5 Nge7 7. O-O exf5 8. d3 O-O 9. Qe1 d6 10. Qh4 Bd7 11. Bg5 Be6 12. Nd5 Bxd5 13. exd5 f6 14. dxc6+ d5 15. cxb7 Rb8 16. Bf4 g5 17. Bxg5 dxc4 18. Qxc4+ Qd5 19. Qxd5+ Nxd5 20. Bd2 Rxb7 21. b3 f4 22. Rae1 f5 23. c4 Ne3 24. Bxe3 fxe3 25. Rxe3 Rd7 26. Rd1 Rfd8 27. Kf1 a5 28. Ne1 Kf7 29. Rf3 Kg6 30. Nc2 Rb7 31. Ne3 Rf8 32. Rg3+ Kf6 33. Nd5+ Ke5 34. Re1+ Kd6 35. Rge3 f4 36. Re6+ Kd7 37. Re7+ Kc8 38. Rxb7 Kxb7 39. Re7+ 1-0

[Event "World Youth U-16 Olympiad 2018"]
[Site "Konya"]
[Date "2018.11.26"]
[Round "3"]
[White "Chicarosie, Ioana-Bianca"]
[Black "Mairambekova, Aiperi"]
[Result "1-0"]
[WhiteElo "1508"]
[BlackElo "1398"]
[Annotator "NA"]
[PlyCount "119"]
[EventDate "2018.11.25"]
[EventType "team-tourn"]
[EventCountry "TUR"]
[SourceTitle "playchess.com"]
[Source "ChessBase"]
[SourceQuality "1"]
[WhiteTeam "Romania"]
[BlackTeam "Kyrgyzstan"]
[WhiteTeamCountry "ROU"]
[BlackTeamCountry "KGZ"]

1. e4 d6 2. d4 Nf6 3. Bd3 g6 4. Bf4 Bg7 5. c3 Nc6 6. Nf3 Nh5 7. Be3 e5 8. dxe5 dxe5 9. O-O O-O 10. Bc2 Qe7 11. Qe2 Nf4 12. Qd2 Rd8 13. Qe1 b6 14. Bxf4 exf4 15. Qe2 Bb7 16. Nbd2 a5 17. Rfd1 Ba6 18. Qe1 b5 19. Nb3 b4 20. Nbd4 Qc5 21. Nxc6 Qxc6 22. Bb3 Qc5 23. cxb4 Qxb4 24. Qxb4 axb4 25. Ng5 Rxd1+ 26. Rxd1 h6 27. Nxf7 Kf8 28. e5 c5 29. Bd5 Rc8 30. b3 Ke7 31. h3 Rc7 32. e6 c4 33. bxc4 Bxc4 34. Rc1 Bc3 35. Bxc4 Rxc4 36. Nxh6 Kxe6 37. Ng4 Rc6 38. Rc2 Ra6 39. Re2+ Kf7 40. Ne5+ Bxe5 41. Rxe5 Rxa2 42. Rb5 Rb2 43. h4 b3 44. Rb4 f3 45. Rf4+ Kg7 46. Rxf3 Rb1+ 47. Kh2 b2 48. Rb3 Kf6 49. Rb5 Kf7 50. g4 Kf6 51. h5 gxh5 52. gxh5 Kg7 53. Rb6 Kh7 54. Kg2 Kg7 55. f4 Kh7 56. f5 Kg7 57. Rb7+ Kf8 58. h6 Rc1 59. h7 Rg1+ 60. Kxg1 1-0